000 00196 a2200097 4500
001 3900
100 _aFraser, W
245 _aTelecommunications
260 _a
_bMacdonald
_c
090 _c3130
_d3130
942 _aNUST-CAE
_cM
_c23670
999 _c238973
_d238973